| 000 | 00599nam a2200241Ia 4500 | ||
|---|---|---|---|
| 003 | OSt | ||
| 005 | 20230331163952.0 | ||
| 008 | 210423s2007 xx 000 0 und d | ||
| 020 | _a9788131503058 | ||
| 040 | _cAL | ||
| 041 | _aeng | ||
| 082 | _a332 MADJ | ||
| 100 |
_aMADURA (Jeff) _981243 |
||
| 245 | _aFinancial institution and markets | ||
| 250 | _a7 | ||
| 260 |
_aAustralia _bThomson _c2007 |
||
| 300 |
_axxvi,771 _bPB |
||
| 365 |
_b450 _cINR |
||
| 650 |
_aEconomics _981244 |
||
| 650 |
_aFinancial Economics _981245 |
||
| 906 | _aFinancial ; institution ; markets | ||
| 942 |
_2ddc _cBK |
||
| 999 |
_c157752 _d157752 |
||